Famous People A-Z! - Statistics

General Stats
  • This quiz has been taken 129 times
  • The average score is 11 of 26
Answer Stats
Letter Hint Famous Person Status % Correct
Q Queen of England Queen Elizabeth II Monarch
83%
R Plays Iron Man in the MCU Robert Downey Jr. Actor
81%
H Stared in Indiana Jones Films Harrison Ford Actor
80%
M Prince of Pop (Not Prince) Michael Jackson Singer
79%
O Brother of Luke Wilson Owen Wilson Comedian/Actor
69%
E Stars in La La Land Emma Stone Actress
68%
N Jonas Brother (Not Kevin or Joe) Nick Jonas Singer/Actor
64%
S Writer of The Shining Stephen King Author
63%
U Fought in Civil War Later Became President of USA Ulysses S. Grant President/General
63%
L Star of Taken and Schindlers List Liam Neeson Actor
55%
A Played Catwoman in 2012 Anne Hathaway Actress
53%
X Ex-President of China Xi Jinping President
47%
V Star of High School Musical (Girl) Vanessa Hudgens Actress/Singer
41%
F Puppeteer Behind Yoda Frank Oz Puppeteer/Actor
39%
B Played Lando in Star Wars Billy Dee Williams Actor
35%
G Country Singer Garth Brooks Singer
35%
C Played Luke in Jessie Cameron Boyce Actor
25%
J Sang at Super Bowl in 2019 Justin Timberlake Singer
23%
K Plays for the Golden State Warriors Kevin Durant Basketball Player
23%
W Stared in Willow and Played Wicket in Star Wars Warwick Davis Actor
21%
Z Chuck and Shazam! Star Zachary Levi Actor
21%
P Known as PrestonPlayz on Youtube Preston Arsement Youtuber
16%
T One of the Stars of Dude Perfect Tyler Toney Youtuber
13%
D Glee Star (Guy) Darren Criss Actor/Singer
8%
I Mr. Fantastic From 2005 Ioan Gruffudd Actor
7%
Y Community Star (Girl) Yvette Nicole Brown Actress/Comedian
7%
No matching quizzes found
Score Distribution
Percent of People with Each Score
Percentile by Number Answered
Your Score History
You have not taken this quiz